[Event "GRE-chT"]
[Site "Thessaloniki"]
[Date "1996.??.??"]
[Round "2"]
[White "Papaioannou, Ioannis"]
[Black "Kofidis, Andreas"]
[Result "1-0"]
[WhiteElo "2495"]
[BlackElo "2360"]
[PlyCount "127"]
[EventDate "1996.??.??"]
[Source "ChessBase"]

1. d4 Nf6 2. c4 g6 3. Nc3 Bg7 4. e4 d6 5. f3 O-O 6. Be3 Nbd7 7. Qd2 e5 8. Nge2 Qe7 9. O-O-O c6 10. Kb1 Nb6 11. Nc1 exd4 12. Bxd4 Be6 13. Bxb6 axb6 14. Qxd6 Qxd6 15. Rxd6 Rfd8 16. Rxd8+ Rxd8 17. Be2 Nd7 18. Kc2 Ne5 19. b3 f5 20. f4 Ng4 21. Bxg4 fxg4 22. Rd1 Rxd1 23. Nxd1 Kf7 24. Ne2 Bf8 25. Nd4 Bd7 26. Nc3 g5 27. f5 Bd6 28. g3 h5 29. Kd3 h4 30. Nde2 Kf6 31. Nd1 Be8 32. Ne3 Bh5 33. Nf1 Be8 34. Nc3 Bf7 35. Nd1 Bh5 36. Nf2 Ke7 37. Ke2 Bc7 38. Nd3 Kf6 39. Kf2 Bd6 40. Ne3 Bb8 41. Kg2 Bd6 42. b4 Bb8 43. a4 Bd6 44. c5 bxc5 45. Nxc5 b6 46. Nd3 Bc7 47. Kf2 Bb8 48. a5 bxa5 49. bxa5 Ba7 50. e5+ Ke7 51. Ke2 Be8 52. Kd2 Bd4 53. Nxg4 c5 54. gxh4 gxh4 55. Nf4 Bc6 56. f6+ Ke8 57. Kd3 Bf3 58. e6 Bxg4 59. f7+ Ke7 60. Ng6+ Kxe6 61. f8=Q Bf5+ 62. Qxf5+ Kxf5 63. a6 Bg1 64. Kc4 1-0

[Event "Lugano op"]
[Site "Lugano"]
[Date "1982.??.??"]
[Round "?"]
[White "Kouatly, Bachar"]
[Black "Kosanski, Stanko"]
[Result "1-0"]
[WhiteElo "2435"]
[BlackElo "2420"]
[PlyCount "61"]
[EventDate "1982.03.??"]
[Source "ChessBase"]

1. d4 g6 2. c4 Bg7 3. Nc3 d6 4. e4 Nc6 5. Be3 e5 6. Nge2 Nf6 7. f3 O-O 8. Qd2 Nd7 9. d5 Ne7 10. h4 f5 11. Bh6 f4 12. Bxg7 Kxg7 13. g3 Ng8 14. O-O-O fxg3 15. Bg2 a6 16. Nxg3 b5 17. h5 bxc4 18. hxg6 hxg6 19. Rh2 Nc5 20. Rdh1 Rf4 21. Bf1 Bd7 22. Rh8 Kf8 23. R1h7 Nd3+ 24. Bxd3 cxd3 25. Qh2 Qg5 26. Kd1 Bg4 27. fxg4 Qxg4+ 28. Kd2 Qg5 29. Kxd3 Rf3+ 30. Kc4 Rxg3 31. Rxc7 1-0

[Event "CSR-ch"]
[Site "Frenstat"]
[Date "1982.??.??"]
[Round "17"]
[White "Hausner, Ivan"]
[Black "Mokry, Karel"]
[Result "1/2-1/2"]
[WhiteElo "2435"]
[BlackElo "2420"]
[PlyCount "21"]
[EventDate "1982.09.??"]
[Source "ChessBase"]

1. d4 Nf6 2. c4 g6 3. Nc3 Bg7 4. e4 d6 5. f3 O-O 6. Be3 e5 7. dxe5 dxe5 8. Qxd8 Rxd8 9. Nd5 Nxd5 10. cxd5 c6 11. Bc4 1/2-1/2

[Event "CRO Team Ch"]
[Site "Pula CRO"]
[Date "1992.??.??"]
[Round "9"]
[White "Begovac, Franja"]
[Black "Sinanovic, Muhamed"]
[Result "1-0"]
[WhiteElo "2420"]
[BlackElo "2425"]
[PlyCount "119"]
[EventDate "1992.??.??"]
[Source "www.chesslib.no"]
[SourceDate "2004.05.04"]

1. d4 Nf6 2. c4 g6 3. Nc3 Bg7 4. e4 d6 5. f3 O-O 6. Be3 e5 7. Nge2 Nc6 8. Qd2 exd4 9. Nxd4 Nxd4 10. Bxd4 Be6 11. Be2 Re8 12. O-O Bd7 13. Rad1 Bc6 14. b4 b6 15. Nd5 Ba4 16. Rc1 c5 17. Bc3 Nxd5 18. cxd5 Qd7 19. Bxg7 Kxg7 20. Qb2+ f6 21. Rfe1 cxb4 22. Qxb4 Rac8 23. Rxc8 Rxc8 24. f4 b5 25. e5 fxe5 26. fxe5 a5 27. Qd4 dxe5 28. Qxe5+ Kg8 29. Bf3 Rd8 30. h3 b4 31. Bg4 Qg7 32. Qg5 Re8 33. Rxe8+ Bxe8 34. Be6+ Kh8 35. Qf4 h5 36. Qb8 Qe7 37. Qa8 a4 38. Qb8 Kg7 39. Qe5+ Kh6 40. Qf4+ Qg5 41. Qd4 Kh7 42. Qb6 Qh4 43. Qc7+ Kh6 44. Qe5 Kh7 45. d6 b3 46. axb3 a3 47. d7 Bxd7 48. Bxd7 a2 49. Qa1 Qe4 50. Qxa2 Qd4+ 51. Qf2 Qxd7 52. Qb6 Qd2 53. Qb8 g5 54. Kh2 Kg6 55. b4 g4 56. h4 Qe1 57. Qg8+ Kf6 58. Qg5+ Ke6 59. b5 Kd6 60. Qxh5 1-0

[Event "BL2-N 9192"]
[Site "GER"]
[Date "1992.??.??"]
[Round "?"]
[White "Kalinitschew, Sergey L"]
[Black "Pedzich, Dominik"]
[Result "1-0"]
[WhiteElo "2455"]
[BlackElo "2385"]
[PlyCount "105"]
[EventDate "1991.10.??"]
[Source "www.chesslib.no"]
[SourceDate "2004.05.04"]

1. d4 Nf6 2. c4 g6 3. Nc3 Bg7 4. e4 d6 5. f3 O-O 6. Be3 Nc6 7. Qd2 e5 8. Nge2 Nh5 9. d5 Na5 10. Ng3 c5 11. Nxh5 gxh5 12. Bg5 f6 13. Bh4 a6 14. Bd3 Qe8 15. O-O Bd7 16. Ne2 b6 17. Ng3 Qg6 18. Nf5 Bxf5 19. exf5 Qf7 20. Rae1 Kh8 21. Re4 Rg8 22. Bf2 Bf8 23. Be3 Be7 24. Rh4 Rab8 25. Be2 Bd8 26. b4 cxb4 27. Qxb4 Nb7 28. f4 Qg7 29. g3 Qe7 30. Bxh5 e4 31. Rb1 b5 32. cxb5 Nc5 33. Qc4 Bb6 34. Kh1 axb5 35. Rxb5 h6 36. Bg6 Kg7 37. Qe2 Nd7 38. Bxb6 Rxb6 39. Rxb6 Nxb6 40. Bh5 e3 41. Rg4+ Kh7 42. Rxg8 Kxg8 43. Bf3 Na4 44. Qc2 Qa7 45. Qe4 Kg7 46. Qe8 Qd4 47. Qe7+ Kg8 48. Qe6+ Kg7 49. Bh5 Qa7 50. Qe8 Nc3 51. Qg6+ Kh8 52. Qxf6+ Qg7 53. Qe6 1-0

[Event "Corr"]
[Site "?"]
[Date "2002.06.15"]
[Round "?"]
[White "Fuzishawa Richard Mitsuo (BRA"]
[Black "Rittweger Siegfried (GER)"]
[Result "1-0"]
[WhiteElo "2489"]
[BlackElo "2346"]
[PlyCount "47"]
[EventDate "2002.??.??"]
[Source "www.chesslib.no"]
[SourceDate "2004.05.04"]

1. d4 Nf6 2. c4 g6 3. Nc3 Bg7 4. e4 d6 5. f3 O-O 6. Be3 Nc6 7. Nge2 e5 8. d5 Ne7 9. Qd2 Nd7 10. g4 f5 11. gxf5 Nxf5 12. exf5 gxf5 13. Bg5 Bf6 14. Rg1 Kh8 15. h4 Rg8 16. O-O-O a6 17. f4 b5 18. Bh3 Nb6 19. Bxf6+ Qxf6 20. Rxg8+ Kxg8 21. fxe5 dxe5 22. d6 c6 23. c5 Nc4 24. Qg5+ 1-0

[Event "Podolsk"]
[Site "Podolsk"]
[Date "1991.??.??"]
[Round "?"]
[White "Nikolaev, Sergej"]
[Black "Zaitsev, Igor A"]
[Result "0-1"]
[WhiteElo "2430"]
[BlackElo "2405"]
[PlyCount "58"]
[EventDate "1991.10.??"]
[Source "ChessBase"]

1. d4 Nf6 2. c4 g6 3. Nc3 Bg7 4. e4 d6 5. f3 O-O 6. Be3 Nc6 7. Nge2 e5 8. d5 Na5 9. Nc1 c5 10. Nb3 Nxb3 11. axb3 Nh5 12. g3 f5 13. exf5 gxf5 14. Qd2 Bd7 15. Be2 a6 16. O-O f4 17. Bf2 fxg3 18. hxg3 Rf6 19. Kh2 Rh6 20. Kg1 Rg6 21. Bd3 Bh6 22. Qe1 Rg7 23. Kh2 Qg5 24. Rh1 Kh8 25. Ne4 Qf5 26. Nxc5 Qxf3 27. Be2 Qf5 28. Bd3 Qg4 29. Be2 Qh3+ 0-1

[Event "AZE-ch"]
[Site "?"]
[Date "2001.??.??"]
[Round "?"]
[White "Mirzoev Azer"]
[Black "Guliev Logman"]
[Result "0-1"]
[WhiteElo "2463"]
[BlackElo "2365"]
[PlyCount "72"]
[EventDate "2001.??.??"]
[Source "www.chesslib.no"]
[SourceDate "2004.05.04"]

1. d4 Nf6 2. c4 g6 3. Nc3 Bg7 4. e4 d6 5. f3 O-O 6. Be3 Nbd7 7. Qd2 e5 8. Nge2 a5 9. O-O-O c6 10. Kb1 Re8 11. Nc1 a4 12. Be2 Qa5 13. d5 a3 14. Nb3 Qc7 15. bxa3 Bf8 16. a4 b6 17. dxc6 Qxc6 18. Nb5 Rxa4 19. Nxd6 Rd8 20. Nb5 Ba6 21. Rc1 Ra8 22. Rc2 Bb4 23. Qc1 Nc5 24. Bxc5 Bxc5 25. Nxc5 Qxc5 26. Rd1 Bb7 27. Rb2 Bc6 28. Nc3 Ra3 29. Nd5 Nd7 30. Rd3 Bxd5 31. Rxa3 Bxe4+ 32. Rd3 Bxd3+ 33. Bxd3 Qd4 34. Be4 Ra4 35. Bd5 Nc5 36. Rd2 Nd3 0-1

[Event "Rovno"]
[Site "Rovno"]
[Date "2000.??.??"]
[Round "9"]
[White "Kasparov, Sergey"]
[Black "Kochetkov, German"]
[Result "1/2-1/2"]
[WhiteElo "2465"]
[BlackElo "2360"]
[PlyCount "191"]
[EventDate "2000.01.20"]
[Source "ChessBase"]
[SourceDate "2000.05.31"]

1. d4 Nf6 2. c4 g6 3. Nc3 Bg7 4. e4 d6 5. f3 Nc6 6. Nge2 O-O 7. Be3 e5 8. d5 Ne7 9. Qd2 Ne8 10. g4 f5 11. h3 c5 12. Nc1 Kh8 13. Be2 Ng8 14. Nd3 Bh6 15. h4 Bxe3 16. Qxe3 Ngf6 17. Rg1 f4 18. Qf2 Bd7 19. a3 Rc8 20. Kd2 Nc7 21. b4 Na6 22. b5 Nb8 23. a4 Qa5 24. Kc2 Rf7 25. Nc1 Rcf8 26. Nb3 Qd8 27. a5 Bc8 28. Bf1 Ne8 29. Rh1 Nd7 30. g5 h6 31. Bh3 h5 32. Be6 Re7 33. Rhb1 Ng7 34. Bxd7 Bxd7 35. Re1 Ree8 36. Nc1 Qc7 37. Nd3 Ra8 38. Reb1 Rfb8 39. Qg1 Ne8 40. Rb2 b6 41. Rba2 Qb7 42. Qb1 Nc7 43. axb6 axb6 44. Qb2 Kg8 45. Kd2 Bc8 46. Ke2 Rxa2 47. Rxa2 Ne8 48. Qa1 Qd7 49. Nf2 Rb7 50. Ncd1 Nc7 51. Qb1 Qe8 52. Nc3 Bd7 53. Nd3 Qc8 54. Qc1 Be8 55. Nf2 Kf8 56. Kf1 Ke7 57. Kg2 Kd8 58. Ne2 Qd7 59. Qa1 Kc8 60. Nd3 Qe7 61. Nec1 Kb8 62. Nxe5 Qxe5 63. Qxe5 dxe5 64. Nd3 Nxb5 65. cxb5 Re7 66. Rb2 c4 67. Nb4 Bxb5 68. Na2 Ra7 69. Nc3 Bd7 70. Rxb6+ Rb7 71. Rxb7+ Kxb7 72. Kf2 Kb6 73. Ke2 Kc5 74. Kd2 Bh3 75. Na4+ Kb5 76. Nc3+ Kb4 77. Na2+ Kc5 78. Nc3 Bg2 79. Na4+ Kd4 80. d6 Bh3 81. Nb6 c3+ 82. Kc2 Ke3 83. d7 Bxd7 84. Nxd7 Kxf3 85. Kd3 Kg3 86. Nxe5 Kxh4 87. Nf3+ Kg4 88. e5 Kxf3 89. e6 Kg2 90. e7 f3 91. e8=Q f2 92. Qe4+ Kg1 93. Qe3 Kg2 94. Qe4+ Kg1 95. Qe3 Kg2 96. Qe4+ 1/2-1/2

[Event "Nice ol (Men)"]
[Site "Nice FRA"]
[Date "1974.??.??"]
[Round "10"]
[White "Durao, Joaquim"]
[Black "Mariotti, Sergio"]
[Result "1/2-1/2"]
[WhiteElo "2360"]
[BlackElo "2465"]
[PlyCount "26"]
[EventDate "1974.06.06"]
[Source "www.chesslib.no"]
[SourceDate "2004.05.04"]

1. d4 Nf6 2. c4 g6 3. Nc3 Bg7 4. e4 d6 5. f3 O-O 6. Be3 e5 7. dxe5 dxe5 8. Qxd8 Rxd8 9. Nd5 Nxd5 10. cxd5 c6 11. Bc4 cxd5 12. Bxd5 Nc6 13. Rd1 Be6 1/2-1/2

[Event "Verden (01.08.-07.08)"]
[Site "?"]
[Date "1999.08.03"]
[Round "?"]
[White "Biebinger Gerhard"]
[Black "Uhlmann Wolfgang"]
[Result "1/2-1/2"]
[WhiteElo "2345"]
[BlackElo "2475"]
[PlyCount "79"]
[EventDate "1999.??.??"]
[Source "www.chesslib.no"]
[SourceDate "2004.05.04"]

1. d4 Nf6 2. c4 g6 3. Nc3 Bg7 4. e4 d6 5. f3 O-O 6. Be3 e5 7. dxe5 dxe5 8. Qxd8 Rxd8 9. Nd5 Nxd5 10. cxd5 c6 11. Bc4 b5 12. Bb3 Bb7 13. O-O-O cxd5 14. Bxd5 Bxd5 15. Rxd5 Nc6 16. Rxd8+ Rxd8 17. Ne2 Rd3 18. Bd2 Bf8 19. Nc3 Bb4 20. Kc2 Rd8 21. Bg5 Rc8 22. Rd1 Nd4+ 23. Kd3 Ne6 24. Nd5 Nxg5 25. Nxb4 f5 26. Nd5 fxe4+ 27. fxe4 Rc4 28. Nf6+ Kg7 29. Ne8+ Kf8 30. Nd6 Rd4+ 31. Ke2 Rxd1 32. Kxd1 a6 33. h4 Ne6 34. Kd2 Ke7 35. Nc8+ Kd7 36. Nb6+ Kd6 37. Ke3 Nf4 38. g3 Nh5 39. Kf3 Nf6 40. g4 1/2-1/2

[Event "Zaragoza op"]
[Site "Zaragoza"]
[Date "1996.??.??"]
[Round "3"]
[White "Glavina Rossi, Pablo"]
[Black "Shchekachev, Andrei"]
[Result "1/2-1/2"]
[WhiteElo "2320"]
[BlackElo "2500"]
[PlyCount "34"]
[EventDate "1996.04.??"]
[Source "www.chesslib.no"]
[SourceDate "2004.05.04"]

1. d4 Nf6 2. c4 g6 3. Nc3 Bg7 4. e4 d6 5. f3 O-O 6. Be3 e5 7. Nge2 exd4 8. Nxd4 Re8 9. Qd2 c6 10. Be2 d5 11. exd5 cxd5 12. O-O Nc6 13. Rad1 Nxd4 14. Bxd4 dxc4 15. Bxc4 a6 16. Nd5 Nxd5 17. Bxg7 Kxg7 1/2-1/2

[Event "CSR-ch"]
[Site "Ostrava"]
[Date "1976.??.??"]
[Round "12"]
[White "Trapl, Jindrich"]
[Black "Plachetka, Jan"]
[Result "1/2-1/2"]
[WhiteElo "2340"]
[BlackElo "2470"]
[PlyCount "24"]
[EventDate "1976.??.??"]
[Source "ChessBase"]

1. d4 Nf6 2. c4 g6 3. Nc3 Bg7 4. e4 O-O 5. Be3 d6 6. f3 e5 7. dxe5 dxe5 8. Qxd8 Rxd8 9. Nd5 Nxd5 10. cxd5 c6 11. Bc4 cxd5 12. Bxd5 Nc6 1/2-1/2

[Event "St Martin Open"]
[Site "St Martin"]
[Date "1992.??.??"]
[Round "6"]
[White "Olafsson, Helgi"]
[Black "Wallyn, Alexandre"]
[Result "1-0"]
[WhiteElo "2525"]
[BlackElo "2280"]
[PlyCount "45"]
[EventDate "1992.??.??"]
[Source "www.chesslib.no"]
[SourceDate "2004.05.04"]

1. c4 Nf6 2. Nc3 g6 3. e4 d6 4. d4 Bg7 5. f3 O-O 6. Be3 e5 7. Nge2 Nc6 8. d5 Ne7 9. Qd2 a6 10. g4 Rb8 11. Ng3 c6 12. O-O-O cxd5 13. cxd5 b5 14. Kb1 b4 15. Nce2 Bxg4 16. fxg4 Nxg4 17. Bh3 Nxe3 18. Qxe3 f5 19. exf5 gxf5 20. Qg5 Rf7 21. Qh5 Qa5 22. Bxf5 Nxd5 23. Be6 1-0

[Event "SWE-ch"]
[Site "Uppsala"]
[Date "1985.??.??"]
[Round "?"]
[White "Wiedenkeller, Michael"]
[Black "Hammar, Bengt"]
[Result "1/2-1/2"]
[WhiteElo "2450"]
[BlackElo "2355"]
[PlyCount "138"]
[EventDate "1985.07.??"]
[Source "ChessBase"]

1. d4 Nf6 2. c4 g6 3. Nc3 Bg7 4. e4 O-O 5. Be3 d6 6. f3 e5 7. Nge2 Re8 8. Qd2 exd4 9. Nxd4 Nc6 10. Be2 Bd7 11. O-O Nxd4 12. Bxd4 Bc6 13. Rac1 a5 14. Nd5 Nd7 15. Bxg7 Kxg7 16. Qd4+ Kg8 17. Bd3 Bxd5 18. cxd5 Nc5 19. Bb5 Re7 20. Rce1 Rc8 21. Kh1 c6 22. dxc6 bxc6 23. Bc4 Ne6 24. Qd2 d5 25. exd5 cxd5 26. Qxd5 Rd7 27. Qb5 Nd4 28. Qa4 Nf5 29. Bb5 Re7 30. Rd1 Qb6 31. Bd7 Rc5 32. Bxf5 Rxf5 33. Rd2 Rfe5 34. Qd1 Qe6 35. Rd8+ Re8 36. Rxe8+ Qxe8 37. h4 Re2 38. Qd4 Qb8 39. Rb1 Qg3 40. Qd8+ Kg7 41. Qd4+ Kh6 42. Qg1 f5 43. Qh2 f4 44. Qxg3 fxg3 45. Kg1 a4 46. a3 Kh5 47. Kf1 Rf2+ 48. Kg1 Rc2 49. Kf1 Kxh4 50. b4 axb3 51. Rxb3 Rf2+ 52. Kg1 Ra2 53. Kf1 h5 54. Rb4+ Kg5 55. a4 h4 56. f4+ Kf5 57. Rc4 Ra1+ 58. Ke2 Rg1 59. Rc5+ Kxf4 60. Rc4+ Kg5 61. Rc5+ Kh6 62. Kf3 g5 63. Rc8 Ra1 64. Kg4 Rxa4+ 65. Kh3 Ra5 66. Rc6+ Kg7 67. Rb6 Ra2 68. Rb5 Kf6 69. Rf5+ Kxf5 1/2-1/2

[Event "Ch \"]
[Site "Lugansk"]
[Date "1989.??.??"]
[Round "7"]
[White "Alterman, Boris"]
[Black "Odeev, Handszar"]
[Result "1-0"]
[WhiteElo "2495"]
[BlackElo "2305"]
[PlyCount "81"]
[EventDate "1989.??.??"]
[Source "www.chesslib.no"]
[SourceDate "2004.05.04"]

1. d4 Nf6 2. c4 g6 3. Nc3 Bg7 4. e4 d6 5. f3 O-O 6. Be3 Nc6 7. Qd2 e5 8. Nge2 a6 9. d5 Ne7 10. O-O-O Ne8 11. g4 b5 12. c5 dxc5 13. Bxc5 Nd6 14. Ng3 Bd7 15. Kb1 Qb8 16. Rc1 Nec8 17. h4 Nb6 18. h5 f6 19. h6 Bh8 20. Be2 Rf7 21. Rc2 b4 22. Nd1 a5 23. b3 Nbc8 24. Ne3 Be8 25. Rhc1 Rd7 26. Qe1 Na7 27. Bxd6 cxd6 28. Ngf1 Re7 29. Rc6 Kf8 30. Qd1 f5 31. g5 f4 32. Ng4 Rb7 33. Nd2 Qd8 34. Ba6 Rf7 35. Qe2 Nxc6 36. dxc6 Rc7 37. Bb7 Rb8 38. Qd3 Qxg5 39. Nc4 Rd8 40. Nb6 Rb8 41. Nd7+ 1-0

[Event "ISL Ch"]
[Site "Iceland"]
[Date "1993.??.??"]
[Round "1"]
[White "Olafsson, Helgi"]
[Black "Gislason, Gudmundur"]
[Result "1-0"]
[WhiteElo "2530"]
[BlackElo "2270"]
[PlyCount "141"]
[EventDate "1993.??.??"]
[Source "www.chesslib.no"]
[SourceDate "2004.05.04"]

1. d4 Nf6 2. c4 g6 3. Nc3 Bg7 4. e4 d6 5. f3 O-O 6. Be3 e5 7. Nge2 Nc6 8. Qd2 a6 9. d5 Na5 10. Ng3 b5 11. cxb5 axb5 12. Rc1 Nc4 13. Bxc4 bxc4 14. O-O Ba6 15. Rc2 Nd7 16. Qd1 Qe8 17. Re2 h5 18. Ref2 h4 19. Nge2 Nc5 20. Bxc5 dxc5 21. Qd2 Qe7 22. Nd1 f5 23. Nec3 Kh7 24. Re2 Bh6 25. Qe1 f4 26. Nf2 Bc8 27. Rc2 Qg5 28. Kh1 Rh8 29. Qe2 Bf8 30. a4 Bd6 31. Qxc4 Ba6 32. Nb5 Rhb8 33. Nd3 Bxb5 34. axb5 Ra5 35. Nxc5 Raxb5 36. Nd3 Qe7 37. Rb1 Rb3 38. Rc3 Rxc3 39. Qxc3 h3 40. gxh3 Qh4 41. Kg2 Qg5+ 42. Kf1 Qh4 43. Nf2 Qe7 44. Ng4 Rb4 45. Ra1 Rd4 46. Kg2 Bb4 47. Qc6 Rd2+ 48. Kh1 Bd6 49. Qc3 Rd4 50. Qc2 Kg7 51. Ra4 Bb4 52. Ra7 Bc5 53. Ra6 Bb6 54. Ra4 Qc5 55. Qxc5 Rd1+ 56. Kg2 Bxc5 57. h4 Rd2+ 58. Kf1 Rxb2 59. Nxe5 Rf2+ 60. Ke1 Rxh2 61. Rc4 Rh1+ 62. Ke2 Rh2+ 63. Kd3 Bb6 64. Rc6 Rg2 65. Nc4 Rf2 66. e5 Rxf3+ 67. Ke4 Rf1 68. Nxb6 cxb6 69. Rc7+ Kh6 70. d6 f3 71. d7 1-0

[Event "Pula op"]
[Site "Pula"]
[Date "1998.??.??"]
[Round "5"]
[White "Gorbatow, Alexej"]
[Black "Kosanski, Stanko"]
[Result "1/2-1/2"]
[WhiteElo "2435"]
[BlackElo "2365"]
[PlyCount "87"]
[EventDate "1998.05.??"]
[Source "www.chesslib.no"]
[SourceDate "2004.05.04"]

1. c4 g6 2. d4 Bg7 3. Nc3 d6 4. e4 Nc6 5. Be3 e5 6. Nge2 Nf6 7. f3 O-O 8. Qd2 a6 9. d5 Na5 10. Ng3 c5 11. Bd3 Bd7 12. O-O b5 13. b3 Rb8 14. Rab1 Qc7 15. cxb5 axb5 16. b4 cxb4 17. Rxb4 Nc4 18. Bxc4 bxc4 19. Rfb1 Rxb4 20. Rxb4 Rc8 21. Qb2 Qa5 22. Rb7 Ra8 23. Nf1 Bc8 24. Rb4 Qc7 25. Nb5 Qe7 26. Rxc4 Ne8 27. a4 Bf6 28. Qc1 Qd7 29. Nc7 Nxc7 30. Rxc7 Qe8 31. Qc6 Qxc6 32. Rxc6 Bb7 33. a5 Ba6 34. Bb6 Bb5 35. Ne3 Kf8 36. Rc3 Ke8 37. Nc2 Bg5 38. Na3 Ba6 39. Rc6 Bd2 40. Rc7 Bd3 41. Nc4 Bxc4 42. Rxc4 Bxa5 43. Bxa5 Rxa5 44. Rc7 1/2-1/2

[Event "SWE Team Ch 9596"]
[Site "Sweden"]
[Date "1996.??.??"]
[Round "?"]
[White "Andreasson, Ingvar"]
[Black "Ziegler, Ari"]
[Result "0-1"]
[WhiteElo "2355"]
[BlackElo "2440"]
[PlyCount "78"]
[EventDate "1995.??.??"]
[Source "www.chesslib.no"]
[SourceDate "2004.05.04"]

1. d4 Nf6 2. c4 g6 3. Nc3 Bg7 4. e4 d6 5. f3 O-O 6. Be3 e5 7. dxe5 dxe5 8. Qxd8 Rxd8 9. Nd5 Ne8 10. O-O-O Kh8 11. h4 c6 12. Nc3 Rxd1+ 13. Nxd1 Be6 14. h5 Kg8 15. hxg6 hxg6 16. Nh3 f6 17. Nhf2 Nd7 18. Nc3 Bf8 19. Be2 a6 20. Rd1 b5 21. f4 exf4 22. Bxf4 Nb6 23. e5 fxe5 24. Bxe5 Nxc4 25. Bxc4 Bxc4 26. Rh1 Bg7 27. Bxg7 Kxg7 28. b3 Be6 29. Re1 Nc7 30. Nd3 Re8 31. Nc5 g5 32. Re5 Kf6 33. Re3 Kg6 34. Re5 g4 35. N3e4 Bf5 36. Rxe8 Nxe8 37. Ng3 Nc7 38. Kd2 Kg5 39. Ke3 Nd5+ 0-1

[Event "Kecskemet2"]
[Site "Kecskemet HUN"]
[Date "1993.??.??"]
[Round "2"]
[White "Lazarev, Vladimir"]
[Black "Vadasz, Laszlo"]
[Result "0-1"]
[WhiteElo "2430"]
[BlackElo "2360"]
[PlyCount "80"]
[EventDate "1993.??.??"]
[Source "www.chesslib.no"]
[SourceDate "2004.05.04"]

1. d4 d6 2. c4 g6 3. e4 Bg7 4. Nc3 e5 5. Nge2 Nc6 6. Be3 Nf6 7. f3 O-O 8. d5 Ne7 9. c5 Ne8 10. Nc1 f5 11. Be2 Kh8 12. O-O Ng8 13. b4 Bh6 14. Bf2 Ngf6 15. Nd3 Rg8 16. a4 g5 17. exf5 Bxf5 18. Be3 Bf8 19. Qd2 g4 20. fxg4 Bxg4 21. Kh1 Qd7 22. b5 Qg7 23. c6 b6 24. a5 Rc8 25. axb6 axb6 26. Nb4 Qg6 27. Bd3 Qh5 28. Ra7 Qh4 29. Qf2 Qh5 30. Qd2 Qh4 31. Na6 Bh5 32. Bf5 Ng4 33. Bg1 Bh6 34. Qa2 Nxh2 35. Bxh2 Bf4 36. Rxf4 exf4 37. Qd2 f3 38. g3 Qf6 39. Qc2 Ng7 40. Bh3 f2 0-1

[Event "Elista ol (Men)"]
[Site "Elista"]
[Date "1998.10.09"]
[Round "10"]
[White "Karkanaque, Ilir"]
[Black "Silva Sanchez, Carlos"]
[Result "0-1"]
[WhiteElo "2395"]
[BlackElo "2395"]
[PlyCount "74"]
[EventDate "1998.09.29"]
[Source "ChessBase"]
[SourceDate "1998.11.06"]

1. d4 Nf6 2. c4 g6 3. Nc3 Bg7 4. e4 d6 5. f3 O-O 6. Be3 Nc6 7. Nge2 e5 8. d5 Ne7 9. Qd2 c6 10. Nc1 cxd5 11. cxd5 Nh5 12. g4 Nf4 13. Nd3 f5 14. Rg1 fxg4 15. fxg4 g5 16. O-O-O Neg6 17. Kb1 Bd7 18. Rc1 Bf6 19. Nf2 Qe8 20. Nh1 Bd8 21. Ng3 Bxg4 22. Nb5 Qd7 23. Qb4 a6 24. Nxd6 Be7 25. Bc5 b5 26. Ngf5 Bxd6 27. Bxd6 Rxf5 28. exf5 Bxf5+ 29. Ka1 Nxd5 30. Qc5 Qe6 31. Rxg5 e4 32. a4 Rd8 33. Bh3 Bxh3 34. Rxd5 e3 35. Rd4 e2 36. Bg3 Rf8 37. Re1 bxa4 0-1

[Event "Ciego de Avila"]
[Site "Ciego de Avila"]
[Date "1996.??.??"]
[Round "5"]
[White "Pecorelli Garcia, Humberto"]
[Black "Rios Parra, Alejandro"]
[Result "1-0"]
[WhiteElo "2450"]
[BlackElo "2335"]
[PlyCount "65"]
[EventDate "1996.11.01"]
[Source "ChessBase"]

1. d4 Nf6 2. c4 g6 3. Nc3 Bg7 4. e4 O-O 5. f3 d6 6. Be3 e5 7. Nge2 Nbd7 8. Qd2 Kh8 9. O-O-O Ng8 10. h4 h6 11. g4 exd4 12. Nxd4 Ne5 13. Be2 f5 14. exf5 gxf5 15. gxf5 Bxf5 16. Nxf5 Rxf5 17. f4 Nc6 18. Bd3 Ra5 19. Bb1 Nf6 20. Rdg1 Qf8 21. Nd5 Re8 22. Rg3 Nxd5 23. cxd5 Rxe3 24. Rxe3 Rc5+ 25. Kd1 Ne7 26. Rhe1 Bf6 27. h5 Qf7 28. Rxe7 Bxe7 29. Bg6 Qf6 30. Re6 Qh4 31. Qd4+ Kg8 32. Qe4 Bf8 33. Re8 1-0

[Event "Mondariz op 7th"]
[Site "Mondariz"]
[Date "2000.07.27"]
[Round "2"]
[White "Martinez Martin, David"]
[Black "Dimitrov, Vladimir"]
[Result "0-1"]
[WhiteElo "2283"]
[BlackElo "2499"]
[PlyCount "76"]
[EventDate "2000.07.26"]
[Source "www.chesslib.no"]
[SourceDate "2004.05.04"]

1. d4 Nf6 2. c4 d6 3. Nc3 Nbd7 4. e4 e5 5. Nge2 g6 6. f3 Bg7 7. Be3 O-O 8. Qd2 a6 9. O-O-O b5 10. d5 Nb6 11. Bxb6 cxb6 12. cxb5 axb5 13. Kb1 Ba6 14. Nc1 Qd7 15. Nd3 Ne8 16. Nb4 Nc7 17. g4 Qe7 18. h4 f5 19. gxf5 gxf5 20. Bd3 fxe4 21. Bxe4 Qf6 22. Qd3 Qh6 23. Rc1 Bf6 24. Nd1 Bd8 25. Ne3 Bc8 26. Rc6 Ne8 27. Rg1+ Kh8 28. Ng4 Bxg4 29. Rxg4 Nf6 30. Rxd6 Be7 31. Rxf6 Qxf6 32. Nc6 Bc5 33. Rg5 Rg8 34. Rh5 Rg1+ 35. Kc2 Qf4 36. Rxh7+ Kg8 37. Na7 Qc1+ 38. Kb3 Rg2 0-1

[Event "RUS-Cup6"]
[Site "Krasnodar"]
[Date "1997.??.??"]
[Round "1"]
[White "Kononenko, Tatiana"]
[Black "Zakharevich, Igor"]
[Result "0-1"]
[WhiteElo "2275"]
[BlackElo "2505"]
[PlyCount "73"]
[EventDate "1997.03.11"]
[Source "www.chesslib.no"]
[SourceDate "2004.05.04"]

1. d4 Nf6 2. c4 g6 3. Nc3 Bg7 4. e4 d6 5. f3 O-O 6. Be3 e5 7. Nge2 Nbd7 8. d5 Nh5 9. Qd2 f5 10. O-O-O a6 11. Kb1 b5 12. exf5 b4 13. Na4 gxf5 14. Nc1 a5 15. Bd3 e4 16. fxe4 f4 17. Bf2 Ne5 18. c5 Nxd3 19. Qxd3 Qe8 20. Qc2 Nf6 21. Rhe1 Bd7 22. c6 Bg4 23. Rd4 Bh5 24. h3 Bg6 25. Nb3 Qe5 26. Nd2 Qg5 27. Rg1 Rae8 28. Nf3 Qh5 29. Re1 Rf7 30. Bh4 Rfe7 31. Ka1 Rxe4 32. Qd2 Rxe1+ 33. Bxe1 Ne4 34. Qd1 Bxd4 35. Qxd4 Ng5 36. Bd2 Nxf3 37. gxf3 0-1

[Event "Timishoara ROM"]
[Site "?"]
[Date "2006.03.20"]
[Round "3"]
[White "Milanovic Danilo"]
[Black "Manea Alexandru"]
[Result "1-0"]
[WhiteElo "2486"]
[BlackElo "2290"]
[PlyCount "137"]
[EventDate "2006.??.??"]
[Source "www.chesslib.no"]
[SourceDate "2004.05.04"]

1. d4 g6 2. c4 Bg7 3. e4 d6 4. Nc3 Nc6 5. Be3 e5 6. Nge2 Nf6 7. f3 O-O 8. Qd2 exd4 9. Nxd4 a6 10. Be2 Nxd4 11. Bxd4 Be6 12. O-O Nd7 13. Be3 Kh8 14. b3 f5 15. exf5 gxf5 16. Rac1 Ne5 17. Nd5 Ng6 18. f4 Qd7 19. g3 Rae8 20. Bf3 Qf7 21. Bf2 Bc8 22. Rfe1 b6 23. Qd3 a5 24. h4 Qd7 25. h5 Ne7 26. h6 Bxh6 27. Bd4+ Bg7 28. Bxg7+ Kxg7 29. Qd4+ Kg6 30. Bh5+ Kxh5 31. Nf6+ Kg6 32. Nxd7 Bxd7 33. Kf2 Ng8 34. Rxe8 Rxe8 35. Re1 Nf6 36. Rxe8 Bxe8 37. a3 Bc6 38. Kg1 Kf7 39. b4 axb4 40. axb4 Ke7 41. Kh2 Be4 42. Kh3 Ke6 43. Kh4 h6 44. Qa1 Ke7 45. Qa7 Kd7 46. Qb8 Ng4 47. Qg8 Bb1 48. Qg7+ Kc6 49. Kh5 Be4 50. Qd4 d5 51. b5+ Kd6 52. Kg6 c5 53. Qh8 dxc4 54. Qd8+ Ke6 55. Qxb6+ Kd5 56. Qd8+ Ke6 57. Qc8+ Kd6 58. b6 Ne3 59. Qc7+ Ke6 60. Qxc5 Nd5 61. b7 Ne7+ 62. Qxe7+ Kxe7 63. b8=Q Bd3 64. Qe5+ Kd7 65. Kf6 Kc6 66. Ke6 h5 67. Qd5+ Kb6 68. Kd6 Ka6 69. Kc7 1-0